|
|
|
|
| LEADER |
00000nab a2200000 a 4500 |
| 001 |
vtls009524934 |
| 003 |
SK-MaSNL |
| 005 |
20260304150814.0 |
| 008 |
250506c2009 xo |r|p|||||||000 b|slo |
| 015 |
|
|
|a SNBRB2009/06
|2 snkbucl
|
| 035 |
|
|
|a (uuid)4d6f11f2-84bd-42fa-82f1-8c8694689fbf
|
| 035 |
|
|
|a urn:nbn:sk:snk-abeu63
|
| 035 |
|
|
|a (urnnbn)urn:nbn:sk:snk:ar-008mhn
|
| 038 |
|
|
|a SNKBUCL
|
| 040 |
|
|
|a SNKBUCL
|b slo
|c SNKBUCL
|e AACR2
|
| 041 |
0 |
|
|a slo
|
| 044 |
|
|
|a xo
|c SK
|
| 080 |
|
|
|a 791.224
|x (493)
|x (44)
|x (435.9)
|2 2001
|
| 100 |
1 |
|
|a Svobodová, Miroslava,
|d 1972-
|4 aut
|9 103306
|
| 245 |
1 |
0 |
|a Sľub
|c Miroslava Svobodová
|
| 500 |
|
|
|a V rubrike Kvodlibet
|
| 630 |
0 |
7 |
|a Sľub (film)
|2 snkbucl
|9 1471856
|
| 773 |
0 |
|
|t Slovenské pohľady
|g Roč. IV.+125., č. 4 (2009), s. 131-132
|x 1335-7786
|
| 850 |
|
|
|a Slovenská národná knižnica
|
| 852 |
|
|
|a Slovenská národná knižnica
|
| 958 |
|
|
|a article27
|
| 958 |
|
|
|a FR
|
| 958 |
|
|
|a BE
|
| 958 |
|
|
|a LU
|
| 958 |
|
|
|a OND
|
| 958 |
|
|
|a EUIPO
|
| 999 |
|
|
|c 2939721
|d 2941651
|